[Event "Guillermo Garcia Memorial-D 27th"]
[Site "Santa Clara"]
[Date "2018.05.24"]
[Round "3"]
[White "Hernandez Torres, Jose"]
[Black "Obregon Garcia, Roxangel"]
[Result "1/2-1/2"]
[WhiteElo "2306"]
[BlackElo "2232"]
[PlyCount "23"]
[EventDate "2018.05.22"]
[EventType "tourn"]
[EventRounds "9"]
[EventCountry "CUB"]
[EventCategory "2"]
[SourceTitle "CBM 184 Extra"]
[Source "ChessBase"]
[SourceDate "2018.06.28"]
[SourceVersion "1"]
[SourceVersionDate "2018.06.28"]
[SourceQuality "1"]

1. e4 c5 2. Nf3 Nc6 3. d4 cxd4 4. Nxd4 Nf6 5. Nc3 e5 6. Ndb5 d6 7. Bg5 a6 8. Na3 Be6 9. Nc4 Rc8 10. Ne3 Be7 11. Be2 0-0 12. 0-0 1/2-1/2